|
|
|
|
| LEADER |
00000nam a2200000 a 4500 |
| 001 |
UCL7697 |
| 003 |
CL-VaPUC |
| 008 |
040528e20020000AG |||||||||||||||||spa|d |
| 020 |
|
|
|a 9505278071
|
| 082 |
0 |
4 |
|a 657
|b FOW
|2 21
|
| 100 |
0 |
|
|a Fowler Newton, Enrique
|e author
|9 485556
|
| 245 |
1 |
0 |
|a Normas contables profesionales de la FACPCE y del CPCECABA
|
| 300 |
|
|
|a 459 p
|
| 942 |
|
|
|c BK
|
| 945 |
|
|
|d 20040528 00:00:00
|a cmena
|
| 260 |
|
|
|a Buenos Aires
|b La Ley
|c 2002
|
| 500 |
|
|
|a Incluye Cd-Rom
|
| 500 |
|
|
|a Complementario con: Suplemento de Actualización 2003
|
| 650 |
|
0 |
|a Contabilidad
|9 261430
|
| 650 |
|
7 |
|a ESTADOS FINANCIEROS
|2 CL-VaPUC
|9 485557
|
| 650 |
|
0 |
|a Estados de cuentas
|9 352305
|
| 651 |
|
0 |
|a Argentina
|9 254888
|
| 583 |
|
|
|a last modification
|c 20040528 00:00:00
|k Rodrigo Vera
|
| 999 |
|
|
|c 309321
|d 309319
|
| 952 |
|
|
|0 0
|1 0
|4 0
|6 657_000000000000000_FOW_2002
|7 0
|8 R
|9 376747
|a BIBGIM
|b BIBGIM
|d 2019-11-21
|i 4021274
|o 657 FOW 2002
|p 4021274
|r 2025-01-15
|w 2019-11-21
|y BK_R
|k COM
|